[Event "US Open - Barber K-8"]
[Site "Vancouver, WA"]
[Date "2012.08.04"]
[Round "1"]
[White "Tang, Andrew (MN)"]
[Black "Tang, Arthur  (NH)"]
[Result "0-1"]
[WhiteElo "2253"]
[BlackElo "1852"]
[PlyCount "80"]

1.d4 Nf6 2.c4 g6 3.Nc3 Bg7 4.e4 d6 5.f3 O-O 6.Be3 Nbd7 7.Qd2
e5 8.d5 a5 9.Bd3 b6 10.Nge2 Nc5 11.Bc2 Ba6 12.b3 Bc8 13.Bg5 Re8
14.g4 h6 15.Bxh6 Nfxe4 16.Nxe4 Nxe4 17.Bxe4 Qh4+ 18.Ng3 Bxh6
19.Qc2 Kg7 20.Ke2 Rh8 21.Rag1 Bf4 22.Qd1 Bd7 23.Qe1 a4 24.b4
Rh7 25.Nh5+ Rxh5 26.gxh5 Qxh5 27.Bc2 a3 28.Qc3 Qh3 29.c5 Bb5+
30.Kd1 bxc5 31.bxc5 Ba4 32.c6 Bxc2+ 33.Kxc2 Ra4 34.Rd1 Qg2+ 35.Kb1
Ra6 36.Rhe1 Qxh2 37.Re4 Rb6+ 38.Ka1 Rb2 39.Qxa3 Qc2 40.Rh1 Bc1 0-1

[Event "US Open"]
[Site "Vancouver, WA"]
[Date "2012.08.04"]
[Round "1"]
[White "Varner, Murlin (WA)"]
[Black "Van Dyke, Patrick (WA)"]
[Result "0-1"]
[WhiteElo "1663"]
[BlackElo "2083"]
[PlyCount "90"]

1.e4 c5 2.Nf3 Nc6 3.d4 cxd4 4.Nxd4 g6 5.Nc3 Bg7 6.Be3 Nf6 7.Be2
O-O 8.O-O d5 9.exd5 Nxd5 10.Nxd5 Qxd5 11.Bf3 Qa5 12.Nxc6 bxc6
13.c3 Rb8 14.Qc1 c5 15.a3 c4 16.Re1 Rd8 ( 16...e5 17.Rd1 Be6
18.g3 Rfd8 19.Rxd8+ Rxd8 20.Qc2 a6 21.Rd1 Rb8 22.Bc1 Bf5 23.Be4
Be6 24.Qe2 Qc7 25.Bd5 Bxd5 26.Rxd5 Qc6 27.Qd1 Re8 28.Rd6 Qc8
29.Rd7 Bf6 30.Qd5 Rf8 31.Bh6 Bg7 32.Bxg7 Kxg7 33.Qxe5+ Kg8 34.Qd5
Qb8 35.Qxc4 Qxb2 36.a4 h5 37.h4 Qb1+ 38.Kg2 Qf5 39.Qd4 Re8 40.Rd8
Rxd8 41.Qxd8+ Kh7 42.Qd4 Qe6 43.a5 Qf5 44.Qb4 Qd5+ 45.Kh2 Qf5
46.Qb6 Qc2 47.Qc5 Qe4 48.c4 Qc2 49.Kh3 Qe4 50.Qd5 Qe8 51.c5 Qc8+
52.Kg2 Kg7 53.c6 Kf8 54.Qd6+ Ke8 55.c7 Qb7+ 56.Kh2 Qc8 57.Qc6+
Ke7 58.Qc4 f6 59.Qe4+ Kf7 60.Qc6 Ke7 61.Qb6 g5 62.hxg5 fxg5 63.Qe3+
Kd7 64.Qxg5 Qxc7 65.Qg7+ {1-0, Kochseder Georg - Braun Siegmund (GER) 2168, Schney (Germany) 1994}
) 17.Bf4 e5 18.Bg3 Be6 19.Qc2 Rb3 20.Ra2 Rdb8 21.Bd1 Bf5 22.Qd2
R3b7 23.f4 Bb1 24.b4 cxb3 25.Rb2 Bf5 26.fxe5 Be6 27.Bf3 Rd7 28.Qe2
Bf8 29.Bg4 Qxc3 30.Bxe6 fxe6 31.Reb1 Bxa3 32.Be1 Qc5+ 33.Bf2
Qd5 34.Rc2 bxc2 35.Rxb8+ Kg7 36.Qxc2 Qd1+ 37.Qxd1 Rxd1+ 38.Be1
Rxe1+ 39.Kf2 Rxe5 40.Rb7+ Kh6 41.Kf3 Bc5 42.h4 Re3+ 43.Kg4 Bd6
44.h5 Rg3+ 45.Kh4 g5# 0-1

[Event "US Open - Denker HS"]
[Site "Vancouver, WA"]
[Date "2012.08.04"]
[Round "1"]
[White "Yang, Darwin (TX)"]
[Black "Treiman, Scott  (UT)"]
[Result "1-0"]
[WhiteElo "2594"]
[BlackElo "2034"]
[PlyCount "99"]

1.d4 d5 2.c4 c6 3.Nf3 Nf6 4.e3 Bf5 5.Nc3 e6 6.Nh4 Be4 7.f3 Bg6
8.Qb3 Qc7 9.Bd2 Be7 10.O-O-O a6 11.c5 Nbd7 12.Be1 e5 13.g4 exd4
14.exd4 O-O 15.Bg3 Qc8 16.Ng2 Re8 17.h4 h6 18.Nf4 Nf8 19.Nxg6
Nxg6 20.Bd3 Bd8 21.Bf5 Nd7 22.Kb1 Bc7 23.Bxd7 Qxd7 24.Qxb7 Rec8
25.Bxc7 Nf8 26.Rhe1 Ne6 27.Na4 Qxc7 28.Qxc7 Rxc7 29.Re3 Re8 30.Kc1
Rb7 31.Nb6 Rbe7 32.Rde1 Kf8 33.f4 Nc7 34.Rxe7 Rxe7 35.Rxe7 Kxe7
36.Kd2 g6 37.Ke3 f5 38.g5 hxg5 39.hxg5 Kd8 40.Na4 Ne6 41.Nc3
Kc7 42.b4 Kb7 43.a4 Nc7 44.Nd1 a5 45.bxa5 Ka6 46.Nb2 Kxa5 47.Nd3
Ne6 48.Ne5 Nf8 49.Nxc6+ Kxa4 50.Ne7 1-0

[Event "US Open"]
[Site "Vancouver, WA"]
[Date "2012.08.07"]
[Round "1"]
[White "Zurybida, Paul (WA)"]
[Black "Culbreth, Adam (OR)"]
[Result "1-0"]
[WhiteElo "2000"]
[BlackElo "1555"]
[PlyCount "59"]

1.e4 e5 2.Nf3 Nc6 3.Bc4 Nf6 4.Ng5 d5 5.exd5 Na5 6.Bb5+ c6 7.dxc6
bxc6 8.Be2 h6 9.Nf3 e4 10.Ne5 Bd6 11.f4 exf3 12.Nxf3 O-O 13.d4
Re8 14.O-O Bg4 15.Nbd2 Qe7 16.Bd3 Rad8 17.Qe1 Qc7 18.Qh4 Bf4
19.Ne4 Rxe4 20.Bxe4 Bxc1 21.Raxc1 Nc4 22.Rce1 Nxb2 23.Ne5 Rxd4
24.Nxg4 Nxe4 25.Nxh6+ gxh6 26.Rxe4 Rxe4 27.Qxe4 Qb6+ 28.Kh1 Qa6
29.Qe8+ Kg7 30.Rxf7+ 1-0

[Event "US Open"]
[Site "Vancouver, WA"]
[Date "2012.08.05"]
[Round "2"]
[White "Antler, Arthur (NJ)"]
[Black "May, Andy (WA)"]
[Result "0-1"]
[WhiteElo "1898"]
[BlackElo "2128"]
[PlyCount "76"]

1.d4 Nf6 2.Nf3 d5 3.Bg5 c6 4.e3 Bf5 5.Bxf6 gxf6 6.c4 e6 7.Nc3
Nd7 8.Nh4 {%08DA} Bg6 9.Nxg6 hxg6 10.Bd3 f5 11.Qb3 Qc7 12.g3
a6 13.Rc1 dxc4 14.Bxc4 Be7 15.O-O Nf6 16.Kg2 Qd7 17.a4 Kf8 18.a5
Kg7 19.Na4 Rae8 20.Nc5 Bxc5 21.dxc5 Ne4 22.Rfd1 Qc7 23.Bd3 Nxf2
24.Bb1 {?} Nxd1 25.Rxd1 Rd8 26.Qc3+ f6 27.Rf1 Qe5 28.Qb4 Qd5+
29.Kg1 Qd2 30.Qxd2 Rxd2 31.h4 g5 32.e4 f4 33.Ba2 fxg3 34.hxg5
Rhh2 35.gxf6+ Kf7 36.Rb1 Rdg2+ 37.Kf1 Rxb2 38.e5 Rh1# 0-1

[Event "US Open"]
[Site "Vancouver, WA"]
[Date "2012.08.05"]
[Round "2"]
[White "Blenker, Ambrose (WI)"]
[Black "Greninger, Harley (WA)"]
[Result "0-1"]
[WhiteElo "1600"]
[BlackElo "2198"]
[PlyCount "22"]

1.d4 d5 2.c4 c6 3.Nc3 Nf6 4.Nf3 dxc4 5.a4 Bf5 6.Bg5 Nd5 7.Bd2
e6 8.e3 Nxc3 9.Bxc3 ( 9.Bxc3 b5 10.axb5 cxb5 11.Be2 Be7 12.Ne5
Be4 13.Bf3 Qd5 14.Bxe4 Qxe4 15.O-O O-O 16.Re1 f6 17.f3 Qb7 18.Ng4
Nd7 19.Qe2 Nb6 20.Rec1 b4 21.Be1 a5 22.e4 Rfd8 23.Bf2 Rdc8 24.Ne3
c3 25.bxc3 bxc3 26.Qa2 Qd7 27.d5 exd5 28.exd5 Bb4 29.Rd1 Kh8
30.Nc2 Bc5 31.Rab1 Bxf2+ 32.Kxf2 Nc4 33.Rd4 Qa7 34.Kg3 Ne3 35.Re4
Qc7+ 36.f4 Nf5+ 37.Kh3 Qd7 38.g4 Nh6 39.Re6 Rc5 40.Rd1 Rb8 41.f5
Nf7 42.Kg3 h5 43.h3 Qc7+ 44.d6 Qc6 45.d7 Qc7+ 46.Kg2 Re5 47.Kf1
Kh7 48.Rxf6 Ng5 49.Rfd6 Rb2 50.Qa4 Qd8 51.Qc6 Rxc2 52.Rh6+ Kg8
53.Qc4+ Nf7 54.Re6 Rxe6 55.Qxe6 Rd2 56.Rxd2 cxd2 57.Ke2 Kf8 58.Kxd2
Qe7 59.Qc6 Nd8 60.Qd5 hxg4 61.hxg4 a4 62.Kc2 Qe3 63.Qd6+ Kf7
64.Qd5+ Ke7 65.Qb5 Qb3+ 66.Qxb3 axb3+ 67.Kxb3 Kxd7 68.Kc4 Nf7
69.Kd5 Nh6 70.f6 gxf6 71.Ke4 Ke6 {0-1, Slami Zoheir (MAR) - Akhrouf Lissan Eddine (MAR), Rabat (Morocco) 2001}
) b5 10.axb5 cxb5 11.b3 b4 {%02$14 (Seems like an odd place for Black to resign. Harley, what did you do to this guy? Hypnosis?)}
 0-1

[Event "US Open"]
[Site "Vancouver, WA"]
[Date "2012.08.07"]
[Round "2"]
[White "Breckenridge, Steven (OR)"]
[Black "Brandenburg, Joseph (OR)"]
[Result "1-0"]
[WhiteElo "2349"]
[BlackElo "1969"]
[PlyCount "57"]

1.e4 c5 2.c3 Nf6 3.e5 Nd5 4.d4 cxd4 5.Nf3 e6 6.Bc4 Nb6 7.Bb3
d6 8.exd6 dxc3 9.Nxc3 Qxd6 10.Qe2 Bd7 11.O-O Be7 12.Rd1 Qc5 13.Ne4
Qh5 14.a4 O-O 15.a5 Nc8 16.Ng3 Bb5 17.Qe1 Qc5 18.Bd2 Qc7 19.Rac1
Nc6 20.Nd4 Ba6 21.Ba4 Qe5 22.Nxc6 Qxe1+ 23.Bxe1 bxc6 24.Rxc6
Bb7 25.Rc7 Bd5 26.Nf5 Bf6 27.Ne3 Ne7 28.Bb4 Rfb8 29.Bxe7 1-0

[Event "US Open"]
[Site "Vancouver, WA"]
[Date "2012.08.05"]
[Round "2"]
[White "Colpron, Milton (WA)"]
[Black "Dorfner, Gary (WA)"]
[Result "0-1"]
[WhiteElo "1700"]
[BlackElo "1086"]
[PlyCount "64"]

1.e4 e5 2.d3 Nf6 3.g3 Bc5 4.Bg2 d6 5.Nf3 Bg4 6.O-O
( 6.O-O Qd7 7.Qe1 Bh3 8.Qc3 Qg4 9.Nxe5 dxe5 10.Qxe5+ Be7 11.Qxc7
Qc8 12.Qxc8+ Bxc8 13.f3 O-O 14.Be3 Nc6 15.a3 Nd7 16.Nc3 Bf6 17.Rad1
Bd4 18.Bxd4 Nxd4 19.Rd2 Ne5 20.Nd5 Bd7 21.Ne7+ Kh8 22.f4 Nec6
23.Nxc6 Bxc6 24.f5 f6 25.Re1 Rfe8 26.c3 Nb3 27.Rde2 Rad8 28.d4
Bb5 29.Rf2 Na5 30.e5 Bc6 31.e6 Re7 32.b4 Bxg2 33.Kxg2 Nc4 34.a4
h5 35.h4 Kh7 36.Re4 g6 37.d5 Ne5 38.c4 Ng4 39.fxg6+ Kxg6 40.Rf3
Ne5 41.Rf1 b6 42.Rd4 Ng4 43.Re1 Ne5 44.c5 bxc5 45.bxc5 Kg7 46.d6
Rxe6 47.Rb1 Rd7 48.Rd5 Nc4 49.Rxh5 Kg6 50.Rh8 Re2+ 51.Kf3 Rc2
52.h5+ Kg7 53.Rhb8 Nd2+ 54.Kf4 Nxb1 55.Rxb1 Rxc5 56.g4 Rxd6 57.Rb7+
Kh6 58.Rxa7 Rd4+ 59.Kg3 Rcc4 60.a5 Rxg4+ 61.Kf3 Rg5 62.a6 Ra4
63.Ra8 Rga5 64.a7 Rxa7 65.Rh8+ Kg7 66.Re8 Kh6 67.Rh8+ Rh7 68.Rf8
Ra3+ 69.Kg4 Rg7+ 70.Kf5 Rg5+ 71.Kxf6 Rf3+ 72.Ke7 Rxf8 73.Kxf8
Kxh5 74.Kf7 Rg6 75.Kf8 Kg5 76.Ke7 Kf5 77.Kd7 Ke5 78.Ke7 Re6+
79.Kf7 Kf5 80.Kg7 Rf6 81.Kh7 Rg6 82.Kh8 Kf6 83.Kh7 Kf7 {0-1, Das Chagas Carlos Alberto - Melo Alfredo, Rio de Janeiro (Brazil) 2000}
) O-O 7.Nbd2 Nc6 8.c3 Re8 9.b4 Bb6 10.Nc4 h6 11.Nxb6 axb6 12.h3
Bxf3 13.Bxf3 b5 14.h4 Ne7 15.h5 b6 16.Bg2 Qc8 17.Bf3 Qe6 18.a3
c5 19.Kg2 Rac8 20.Rh1 cxb4 21.cxb4 Nc6 22.Rh4 Nd4 23.Bg4 Nxg4
24.Rxg4 Qf6 25.Ra2 Rxc1 {!} 26.Rxg7+ Kh8 27.Qxc1 Qf3+ 28.Kh3
Qxh5+ 29.Kg2 Qf3+ 30.Kh3 Kxg7 31.Qe3 Qh1+ 32.Kg4 h5+ 0-1

[Event "US Open"]
[Site "Vancouver, WA"]
[Date "2012.08.05"]
[Round "2"]
[White "Eagles, Roland (OR)"]
[Black "Gay, Daniel (OR)"]
[Result "0-1"]
[WhiteElo "1935"]
[BlackElo "2212"]
[PlyCount "76"]

1.Nf3 Nf6 2.c4 g6 3.g3 Bg7 4.Bg2 O-O 5.O-O d6 6.Nc3 Nc6 7.d3
e5 8.Rb1 a5 9.a3 Be6 10.e4 Nd7 11.Bd2 Nc5 12.Be3 f5 13.b4 axb4
14.axb4 f4 15.bxc5 fxe3 16.fxe3 dxc5 17.Rxb7 Bh6 18.Qe2 Nb4 19.Nd5
Ra2 20.Nd2 Nc2 21.Rxf8+ Qxf8 22.Nf1 Bxd5 23.exd5 Ra1 24.h3 Nxe3
25.Kh2 Nxf1+ 26.Bxf1 Qxf1 27.Qxf1 Rxf1 28.Rxc7 Rf2+ 29.Kh1 Rd2
30.Rxc5 Rxd3 31.Rc8+ Kf7 32.Rc7+ Kf6 33.Rxh7 Bg7 34.Rh4 Rxg3
35.Kh2 Rd3 36.Rg4 Bf8 37.Rg3 Rxg3 38.Kxg3 Kf5 0-1

[Event "US Open"]
[Site "Vancouver, WA"]
[Date "2012.08.05"]
[Round "2"]
[White "Gaddis, William (WA)"]
[Black "Dimick, John (WA)"]
[Result "0-1"]
[WhiteElo "1643"]
[BlackElo "1842"]
[PlyCount "64"]

1.e4 c5 2.Nf3 d6 3.d4 cxd4 4.Nxd4 Nf6 5.Nc3 g6 6.Be3 Bg7 7.f3
O-O 8.Bc4 Nc6 9.Nxc6 bxc6 10.Qd2 e6 11.O-O-O d5 12.Bb3 Bb7 {%08DA}
13.Qf2 Qa5 14.e5 Nd7 15.f4 c5 16.Bd2 c4 17.Ba4 Nc5 18.b3 cxb3
19.Bxb3 Nxb3+ 20.cxb3 Qa3+ 21.Kb1 Ba6 22.Bc1 Qb4 23.Bb2 f6 24.Qd2
fxe5 25.Nxd5 Qe4+ 26.Ka1 exd5 27.Rhe1 Qxf4 28.Qxd5+ Kh8 29.Rxe5
Rae8 30.Rde1 Rxe5 31.Bxe5 Bxe5+ 32.Rxe5 Qc1# 0-1

[Event "US Open"]
[Site "Vancouver, WA"]
[Date "2012.08.05"]
[Round "2"]
[White "Gay, Patrick (OR)"]
[Black "Barrett, Alexander (WA)"]
[Result "1/2-1/2"]
[WhiteElo "1795"]
[BlackElo "1390"]
[PlyCount "121"]

1.e4 e5 2.Nf3 Nc6 3.Bb5 Nf6 4.O-O Nxe4 5.d4 Nd6 6.Bxc6 dxc6 7.dxe5
Nf5 8.Qxd8+ Kxd8 9.Nc3 h6 10.Rd1+ Ke8 11.b3 Bd7 {%08DA} 12.Bb2
Rd8 13.Ne4 c5 14.g4 Bc6 15.gxf5 Rxd1+ 16.Rxd1 Bxe4 17.Nh4 Bxc2
18.Rd2 Be4 19.e6 fxe6 20.fxe6 Be7 21.Ng2 Bd6 22.Re2 Bf3 23.Re3
Bc6 24.Nh4 Rf8 25.Ng6 Bxh2+ 26.Kf1 Rf5 27.Ne5 Bf4 28.Re1 Rg5
29.Nxc6 bxc6 30.Re4 Bd6 31.Ke2 Ke7 32.Ra4 Kxe6 33.Rxa7 Rg4 34.Ra8
Kd5 35.Kf3 Rg1 36.Rg8 Be5 37.Rd8+ Bd6 38.a4 Rb1 39.Bxg7 Rxb3+
40.Kg2 h5 41.a5 Rb7 42.Ra8 Kc4 43.a6 Rb6 44.a7 Ra6 45.Kh3 Kd3
46.Kh4 c4 47.Bh6 c3 48.Be3 Kc4 49.Rg8 Rxa7 50.Bxa7 c5 51.Kxh5
c2 52.Rg1 Bf4 53.Bb8 Kd3 54.Kg4 Bd6 55.f4 Kd2 56.f5 c1Q 57.Rxc1
Kxc1 58.f6 c4 59.f7 c3 60.Bxc7 Ba3 61.Bf4+ 1/2-1/2

[Event "US Open"]
[Site "Vancouver, WA"]
[Date "2012.08.08"]
[Round "2"]
[White "Haining, Kyle (WA)"]
[Black "Apte, Neel (CA)"]
[Result "1/2-1/2"]
[WhiteElo "1900"]
[BlackElo "2118"]
[PlyCount "81"]

1.e4 c5 2.Nf3 Nc6 3.d4 cxd4 4.Nxd4 g6 5.Nc3 Bg7 6.Be3 Nf6 7.Nb3
O-O 8.f3 d6 9.Qd2 Be6 10.g4 a5 11.Na4 Nd7 12.h4 Nce5 13.Be2 b5
14.Nc3 Nb6 15.Qc1 b4 16.Nb5 Bc4 17.N5d4 a4 18.Nd2 d5 19.Qd1 Rc8
20.b3 Bxe2 21.Kxe2 dxe4 22.Nxe4 Nd5 23.Bf2 Qd7 24.Qd2 Nc3+ 25.Nxc3
Rxc3 26.Rad1 Nxf3 27.Nxf3 Qb5+ 28.Ke1 Rxf3 29.Qe2 Qxe2+ 30.Kxe2
Rc3 31.Rd2 Rfc8 32.Kd1 axb3 33.axb3 Be5 34.Be1 Bf4 35.Rd4 e5
36.Bxc3 exd4 37.Bxb4 d3 38.c4 Ra8 39.Bc3 Ra3 40.Rh3 Rxb3 41.Rxd3 1/2-1/2

[Event "US Open"]
[Site "Vancouver, WA"]
[Date "2012.08.05"]
[Round "2"]
[White "Han, Yiming (CAN)"]
[Black "Sinanan, Joshua (WA)"]
[Result "0-1"]
[WhiteElo "1999"]
[BlackElo "2227"]
[PlyCount "100"]

1.e4 c5 2.Nf3 e6 3.d4 cxd4 4.Nxd4 a6 5.Be2 Nf6 6.Nc3 Qc7 7.Bf3
Nc6 8.O-O Ne5 9.Be2 Bc5 10.Kh1 d6 11.f4 Nc6 12.Nb3 Ba7 13.a4
O-O 14.Bf3 Rd8 15.g4 d5 16.e5 Ne4 17.Qe1 Nxc3 18.Qxc3 Bd7 19.Be3
Bxe3 20.Qxe3 Nb4 21.Rfc1 a5 22.c3 Na6 23.Be2 Rdc8 24.Bxa6 bxa6
25.Nd4 Qb6 26.b3 Rc5 27.Rc2 Rac8 28.Rg1 Qd8 29.Rg3 R5c7 30.Rh3
f6 31.Qd3 g6 32.f5 fxe5 33.fxg6 Qg5 34.gxh7+ Kh8 35.Nf3 Qg7 36.Qe3
e4 37.Ng5 Rf8 38.Rf2 Rcc8 39.Rg3 Rxf2 40.Qxf2 Qxg5 41.Qd4+ Qg7
42.Qxg7+ Kxg7 43.Kg2 e5 44.Re3 d4 45.cxd4 exd4 46.Rh3 Rc2+ 47.Kf1
Kh8 48.Rh4 d3 49.g5 Bf5 50.Ke1 e3 0-1

[Event "US Open"]
[Site "Vancouver, WA"]
[Date "2012.08.05"]
[Round "2"]
[White "Herrera, Robert (OR)"]
[Black "Roland, Jeffrey (ID)"]
[Result "1-0"]
[WhiteElo "2044"]
[BlackElo "1700"]
[PlyCount "27"]

1.c4 Nf6 2.Nc3 e6 3.e4 c5 4.e5 Ng8 5.Nf3 Nc6 6.d4 cxd4 7.Nxd4
d5 8.cxd5 exd5 9.Bb5 Nge7 10.Bg5 Bd7 ( 10...Qc7 11.O-O Be6 12.Rc1
Qd7 13.Na4 Rc8 14.Nc5 Qc7 15.Ncxe6 fxe6 16.Nxe6 Qxe5 17.Bxe7
Bxe7 18.Re1 Qf6 19.Qxd5 a6 20.Ba4 h5 21.Rc3 Rh6 22.Rd3 Qh4 23.Ng5
Rd6 24.Qg8+ {1-0, Ohlsson Svante (SWE) - Eriksson Bo (SWE) 2110, Joenkoeping (Sweden) 1993}
) 11.O-O Nxe5 12.Nxd5 Bxb5 13.Nxb5 Rc8 14.Ndc7+ 1-0

[Event "US Open"]
[Site "Vancouver, WA"]
[Date "2012.08.05"]
[Round "2"]
[White "Heublum, Harry (NY)"]
[Black "Sankrithi, Siva (WA)"]
[Result "1/2-1/2"]
[WhiteElo "1842"]
[BlackElo "1510"]
[PlyCount "92"]

1.d4 Nf6 2.Nf3 d5 3.e3 Bg4 4.c4 Nc6 5.cxd5 Nxd5 6.Be2 e6 7.O-O
Bd6 8.Nbd2 {%08DA} O-O 9.h3 Bxf3 10.Bxf3 Qd7 11.Nc4 Be7 12.e4
Nb6 13.Nxb6 axb6 14.d5 Ne5 15.Bf4 Nxf3+ 16.Qxf3 exd5 17.exd5
Bd6 18.Rfd1 Rfd8 19.a3 Bxf4 20.Qxf4 Qd6 21.Qxd6 Rxd6 22.Rac1
Rd7 23.Rd2 Rad8 24.Rdc2 Rc8 25.b4 Kf8 26.Kf1 Ke8 27.Ke2
( 27.d6 ) Kd8 28.Rd2 Rd6 29.Rc3 Kd7 30.Re3 c6 31.dxc6+ bxc6 32.Red3
Re8+ 33.Kf3 Ree6 34.Rxd6+ Rxd6 35.Rxd6+ Kxd6 36.Ke4 b5 37.Kd4
f6 38.g3 g6 39.f3 h6 40.h4 f5 41.g4 fxg4 42.fxg4 g5 43.h5 Ke6
44.Ke4 Kf6 45.Kd4 Ke6 46.Kc5 Kd7 1/2-1/2

[Event "US Open"]
[Site "Vancouver, WA"]
[Date "2012.08.05"]
[Round "2"]
[White "Heywood, Bill (OR)"]
[Black "Norowitz, Yaacov (NJ)"]
[Result "0-1"]
[WhiteElo "2000"]
[BlackElo "2569"]
[PlyCount "56"]

1.e4 c6 2.d4 d5 3.Nc3 dxe4 4.Nxe4 Nf6 5.Ng3 h5 6.h4 Qc7 7.Bc4
e6 8.Nf3 Bd6 9.Nf1 c5 10.Qe2 a6 11.dxc5 Bxc5 12.Be3 Ng4 13.Bd3
Qa5+ 14.c3 Nc6 15.b4 Qa3 16.Bxc5 Qxc3+ 17.Qd2 Qxa1+ 18.Ke2 f5
19.Ng3 Qf6 20.Re1 e5 21.Ng5 Bd7 22.Kf1 O-O-O 23.Bb6 e4 24.Qf4
Qe5 25.Qc1 Rdf8 26.Bc4 Kb8 27.Nf7 Rxf7 28.Bxf7 Qb5+ 0-1

[Event "US Open"]
[Site "Vancouver, WA"]
[Date "2012.08.05"]
[Round "2"]
[White "Ho, Alec (WA)"]
[Black "Kaufman, Raymond (CA)"]
[Result "0-1"]
[WhiteElo "1981"]
[BlackElo "2420"]
[PlyCount "64"]

1.d4 Nf6 2.c4 e6 3.Nc3 c5 4.d5 exd5 5.cxd5 d6 6.e4 g6 7.Be2 Bg7
8.Nf3 O-O 9.O-O Bg4 10.Nd2 Bxe2 11.Qxe2 Re8 12.Re1 Nbd7 13.Nc4
Nb6 14.Qd3 Nxc4 15.Qxc4 a6 16.a4 Ng4 17.Bf4 Bd4 18.Bg3 Qf6 19.Nd1
h5 20.Ra3 h4 21.Rf3 Qd8 22.Bf4 f5 23.Qc2 Qf6 24.Rb3 fxe4 25.Be3
Qe5 26.h3 Qh2+ 27.Kf1 Nf6 28.Qd2 Be5 29.Bg5 Nh5 30.Qe3 Bd4 31.Qc1
Rf8 32.Ne3 Ng3# 0-1

[Event "US Open"]
[Site "Vancouver, WA"]
[Date "2012.08.05"]
[Round "2"]
[White "Hughes, Charles (ID)"]
[Black "Pupols, Viktors (WA)"]
[Result "0-1"]
[WhiteElo "1732"]
[BlackElo "2200"]
[PlyCount "48"]

1.d4 Nf6 2.Nf3 g6 3.Bf4 d6 4.h3 Bg7 5.e3 c5 6.c3 Qb6 7.Qb3 Na6
{%08DA} 8.Qxb6 axb6 9.Bd3 Bd7 10.Nbd2 b5 11.O-O O-O 12.Rfe1 Rfd8
13.e4 b4 14.Bxa6 bxa6 15.cxb4 cxd4 16.Nb3 e5 17.Bh2 Rac8 18.Nfd2
Ba4 19.f4 Nd7 20.Rac1 f5 21.Nc4 Bxb3 22.axb3 fxe4 23.Nxd6 Rxc1
24.Rxc1 e3 0-1

[Event "US Open"]
[Site "Vancouver, WA"]
[Date "2012.08.05"]
[Round "2"]
[White "Luchan, Jason (NY)"]
[Black "Robinson, Gary (OR)"]
[Result "0-1"]
[WhiteElo "2117"]
[BlackElo "1880"]
[PlyCount "124"]

1.e4 e6 2.d4 d5 3.e5 c5 4.c3 Qd7 5.Nf3 b6 6.Be3 Ba6 7.Be2 {%08DA}
Bxe2 8.Qxe2 Nc6 9.O-O Rc8 10.Rd1 cxd4 11.cxd4 Nge7 12.Nc3 Ng6
13.h4 Be7 14.h5 Nh4 15.Nxh4 Bxh4 16.Qg4 Bxf2+ 17.Bxf2 f5 18.exf6
gxf6 19.Re1 Kf7 20.Bh4 Ne7 21.Rf1 Nf5 22.Qf4 Rhg8 23.Rae1 Rg7
24.Re2 Rcg8 25.Bxf6 Kxf6 26.Qe5+ Kg5 27.Rxf5+ exf5 28.Nxd5 Qf7
29.Nf4 Kh6 30.Qd6+ Kg5 31.Ne6+ Kxh5 32.Qh2+ Kg6 33.Qg3+ Kf6 34.Qe5+
Kg6 35.Qg3+ Kf6 36.Qe5+ Kg6 37.Nxg7 Rxg7 38.Qd6+ Kh5 39.Re6 Qc7
40.Rh6+ Kg4 41.Qc6 Qxc6 42.Rxc6 Rd7 {%02 (What seemed to be a crushing advantage for White slowly melted away, leaving Black in the better place.)}
43.Rc2 Rxd4 44.Kf2 Rd7 45.Rc4+ f4 46.Rc2 h5 47.Re2 h4 48.Rc2
a5 49.Kg1 h3 50.gxh3+ Kxh3 51.Rc3+ Kg4 52.Rb3 Rd6 53.a4 Rc6 54.Kf2
Rh6 55.Kg2 f3+ 56.Kg1 Kg3 57.Rd3 Rc6 58.Rd1 Rc2 59.b3 Rb2 60.Ra1
Rg2+ 61.Kh1 Rh2+ 62.Kg1 f2+ 0-1

[Event "US Open"]
[Site "Vancouver, WA"]
[Date "2012.08.05"]
[Round "2"]
[White "Lundy, George (ID)"]
[Black "Feener, Christopher  (WA)"]
[Result "1-0"]
[WhiteElo "1649"]
[BlackElo "754"]
[PlyCount "185"]

1.e4 c6 2.f4 d5 3.e5 Bf5 4.d4 e6 5.Bd3 Bxd3 6.Qxd3 f6 7.Nf3 c5
8.c3 c4 9.Qc2 b5 10.O-O Be7 11.Na3 Bxa3 12.bxa3 a6 13.Bd2 Nd7
14.Rab1 Qa5 15.Qb2 Rb8 16.Qb4 Qb6 17.Kh1 Nh6 18.h3 Nf5 19.Kh2
Ne7 20.Qb2 Qa5 21.Qb4 Qb6 22.a4 Nc6 23.Qd6 Na7 24.Qxb6 Rxb6 25.axb5
Rxb5 26.a4 Rb8 27.Rxb8+ Nxb8 28.Rb1 O-O 29.Bc1 Nbc6 30.Ba3 Rf7
31.Bc5 Nc8 32.Kg3 h6 33.h4 f5 34.h5 Kh7 35.Nh4 N8a7 36.Ng6 Nd8
37.Rb6 a5 38.Nf8+ Kg8 39.Ng6 Nac6 40.Kf3 Rb7 41.Ke3 Rxb6 42.Bxb6
Kf7 43.g3 Nb7 44.Kd2 Ne7 45.Nh8+ Kg8 46.Ng6 Nxg6 47.hxg6 Kf8
48.Kc2 h5 49.Kb2 Ke7 50.Ka3 Kd7 51.Kb2 Kc6 52.Ba7 Kc7 53.Ka3
Nd8 54.Bc5 Nc6 55.Bf8 Kd7 56.Bxg7 Ne7 57.Bf6 Nxg6 58.Bg5 Ke8
59.Ka2 Kf7 60.Bd8 Ke8 61.Bxa5 h4 62.gxh4 Nxh4 63.Bb4 Kd8 64.a5
Kc8 65.Be7 Nf3 66.Ka3 Kc7 67.Kb4 Nd2 68.Kb5 Kb7 69.a6+ Ka8 70.Kc6
Ne4 71.Bb4 Ka7 72.Kd7 Kxa6 73.Kxe6 Kb5 74.Kxd5 Ka4 75.Kxc4 Nd2+
76.Kd5 Nc4 77.e6 Nd2 78.Ke5 Kb5 79.Kxf5 Kc6 80.Kf6 Ne4+ 81.Kf7
Nd6+ 82.Bxd6 Kxd6 83.e7 Kd5 84.e8Q Kc4 85.Qc6+ Kd3 86.d5 Ke4
87.Qc4+ Kf5 88.d6 Kg4 89.d7 Kg3 90.d8Q Kg4 91.Qg5+ Kf3 92.Qd3+
Kf2 93.Qgg3# 1-0

[Event "US Open"]
[Site "Vancouver, WA"]
[Date "2012.08.05"]
[Round "2"]
[White "McCumiskey, Thomas (VA)"]
[Black "Strenzwilk, Denis (MD)"]
[Result "1/2-1/2"]
[WhiteElo "1921"]
[BlackElo "2200"]
[PlyCount "33"]

1.e4 c5 2.Nf3 Nc6 3.d4 cxd4 4.Nxd4 e5 5.Nb5 d6 6.N1c3 a6 7.Na3
b5 8.Nd5 Nge7 9.Bg5 f6 10.Qh5+ g6 11.Nxf6+ Kf7 12.Qd1 h6 13.Bh4
g5 14.Nh5 gxh4 15.Qf3+ Ke8 16.Nf6+ Kf7 17.Nh5+ 1/2-1/2

[Event "US Open"]
[Site "Vancouver, WA"]
[Date "2012.08.05"]
[Round "2"]
[White "Morris, Michael (OR)"]
[Black "McAleer, James (WA)"]
[Result "0-1"]
[WhiteElo "2044"]
[BlackElo "1779"]
[PlyCount "64"]

1.c4 Nf6 2.g3 g6 3.Bg2 Bg7 4.Nf3 O-O 5.Nc3 d6 6.O-O e5 7.d3 Nc6
8.Rb1 h6 9.b4 a6 10.a4 Be6 11.Nd2 Rb8 12.b5 axb5 13.axb5 Ne7
14.h3 {%08DA} Qd7 15.Kh2 Nh5 16.Ra1 f5 17.Bb2 Nf6 18.Qc2 g5 19.Ra7
f4 20.Rxb7 Rxb7 21.Bxb7 Bxh3 22.Bg2 Ng4+ 23.Kg1 Bxg2 24.Kxg2
fxg3 25.Nd1 gxf2 ( 25...Nxf2 26.Nxf2 gxf2 ) 26.Ne4 Nf5 27.Bc1
Qf7 28.Nexf2 Qh5 29.Rh1 Nh4+ 30.Kg1 e4 31.Nxe4 Qf7 32.Ng3 Be5 0-1

[Event "US Open"]
[Site "Vancouver, WA"]
[Date "2012.08.05"]
[Round "2"]
[White "Mulyar, Michael (CO)"]
[Black "Ho, Daniel (WA)"]
[Result "1-0"]
[WhiteElo "2456"]
[BlackElo "1980"]
[PlyCount "81"]

1.c4 Nf6 2.Nf3 g6 3.g3 Bg7 4.Bg2 O-O 5.O-O c5 6.d4 cxd4 7.Nxd4
Nc6 8.Nc3 Rb8 9.e3 a6 10.b3 Qc7 11.Bb2 e6 12.Rc1 d6 13.Ncb5 Qd7
14.Nxc6 bxc6 15.Nxd6 c5 16.Nxc8 Qxc8 17.Be5 Rb6 18.Qd2 Ng4 19.Qa5
Bxe5 20.Qxb6 h5 21.Rfd1 h4 22.Qb7 Qe8 23.Bc6 Qb8 24.Qxb8 Bxb8
25.Bb7 Kg7 26.h3 Nf6 27.g4 Bc7 28.g5 Nh7 29.Rd7 Bb8 30.f4 e5
31.Rf1 exf4 32.exf4 Re8 33.Bd5 Re3 34.Rxf7+ Kh8 35.Rf3 Re1+ 36.Kg2
Re2+ 37.Kf1 Re8 38.Kf2 Nxg5 39.fxg5 Bg3+ 40.Rxg3 hxg3+ 41.Kxg3 1-0

[Event "US Open"]
[Site "Vancouver, WA"]
[Date "2012.08.05"]
[Round "2"]
[White "Niro, Frank (ID)"]
[Black "Arganian, David (WA)"]
[Result "0-1"]
[WhiteElo "1734"]
[BlackElo "2002"]
[PlyCount "66"]

1.e4 c5 2.Nf3 d6 3.d4 cxd4 4.Nxd4 Nf6 5.Nc3 a6 6.Bg5 e6 7.f4
Be7 8.Qf3 Qc7 9.O-O-O Nbd7 10.g4 b5 11.Bxf6 Bxf6 12.g5 Be7 13.f5
Ne5 14.Qg3 b4 15.Nd5 {?} ( 15.Nce2 {!} ) exd5 16.exd5 Bd7 17.h4
a5 18.Bh3 a4 19.Rhe1 a3 20.g6 axb2+ 21.Kb1 Qa5 22.gxf7+ Kxf7
23.Qb3 Qa3 24.Nc6 Nxc6 25.dxc6+ Qxb3 26.cxb3 Bc8 27.Re4 Ra5 28.Rxb4
Bxf5+ 29.Bxf5 Rxf5 30.Kxb2 Rc8 31.Rc4 Rc5 32.Rdc1 Rxc4 33.Rxc4
d5 0-1

[Event "US Open"]
[Site "Vancouver, WA"]
[Date "2012.08.??"]
[Round "2"]
[White "Pechisker, Alfred (CAN)"]
[Black "Ball, Larry (OR)"]
[Result "1-0"]
[WhiteElo "2263"]
[BlackElo "1937"]
[PlyCount "83"]

1.d4 g6 2.c4 Bg7 3.e4 c5 4.d5 e5 5.Bd3 d6 6.Be3 Qb6 7.Nc3 Ne7
8.Rb1 O-O 9.b4 Na6 10.bxc5 Qa5 11.Nge2 Nxc5 12.Bc2 a6 13.O-O
f5 14.f3 f4 15.Bd2 Qc7 16.Na4 b5 17.cxb5 axb5 18.Nxc5 Qxc5+ 19.Kh1
Rxa2 20.Bd3 Bd7 21.Bb4 Qb6 22.Qb3 Rfa8 23.Rfc1 Nc8 24.Nc3 Rd2
25.Bf1 Qf2 26.Nxb5 Raa2 27.Bxd2 Rxd2 28.Rd1 Rxd1 29.Rxd1 Bf8
30.Nc7 Nb6 31.Rb1 Na4 32.Ne6 Nc5 33.Nxc5 Qxc5 34.Qc4 Qxc4 35.Bxc4
Kf7 36.Rb7 Ke8 37.Rb8+ Kf7 38.Kg1 Be7 39.Kf2 Bh4+ 40.Ke2 Ba4
41.Bb5 Bxb5+ 42.Rxb5 1-0

[Event "US Open"]
[Site "Vancouver, WA"]
[Date "2012.08.05"]
[Round "2"]
[White "Prochaska, Peter (OR)"]
[Black "Bulakh, Nikolay (WA)"]
[Result "1-0"]
[WhiteElo "2200"]
[BlackElo "1910"]
[PlyCount "58"]

1.d4 d5 2.c4 c6 3.Nf3 Bf5 4.Nc3 e6 5.Qb3 Qc7 6.Bf4 dxc4 7.Bxc7
cxb3 8.e4 Bg6 9.axb3 Nd7 10.Bc4 Ngf6 11.Nd2 Be7 12.O-O O-O 13.f3
Nh5 14.g4 Nhf6 15.Bg3 h5 16.g5 Ne8 17.h4 Bd8 18.f4 b5 19.Bd3
f6 20.f5 exf5 21.exf5 Bf7 22.g6 Bd5 23.Nxd5 cxd5 24.Bxb5 Nb6
25.Rfe1 Bc7 26.Bxc7 Nxc7 27.Bc6 Rac8 28.Rxa7 Nba8 29.Bxa8 Nxa8 1-0